| 000 | nam a22 7a 4500 | ||
|---|---|---|---|
| 999 |
_c21670 _d21670 |
||
| 008 | 170123b xxu||||| |||| 00| 0 eng d | ||
| 050 | _aHN 673.5 .L58 1967 | ||
| 100 | _a[edited by William T. Liu] | ||
| 245 |
_aChinese society under communism: _ba reader/ _cWillim T. Liu. |
||
| 260 |
_aNewYork : _bJohn Wiley and sons, _c1967. |
||
| 300 |
_a496p. : _bill. ; _c24cm. |
||
| 500 | _aInclude index. | ||
| 650 | _aChina. | ||
| 650 | _aSocial conditions. | ||
| 942 |
_2lcc _cBOOKS |
||